[Event "ECF Charity Marathon UKR"]
[Site "Chess.com INT"]
[Date "2022.04.03"]
[Round "?"]
[White "Barry, Steve"]
[Black "Sedgwick, David"]
[Result "1-0"]
[WhiteElo "1564"]
[BlackElo "1874"]
[PlyCount "87"]
[EventDate "2022.04.02"]
[EventType "swiss (blitz)"]
[EventRounds "74"]
[EventCountry "USA"]
[SourceTitle "CBM 207 Extra"]
[Source "ChessBase"]
[SourceDate "2022.05.31"]
[SourceVersion "1"]
[SourceVersionDate "2022.05.31"]
[SourceQuality "1"]

1. e4 e5 2. Nf3 Nc6 3. c3 d5 4. Qa4 Bd7 5. exd5 Nd4 6. Qd1 Nxf3+ 7. Qxf3 Nf6 8. Bc4 c6 9. d3 cxd5 10. Bxd5 Nxd5 11. Qxd5 Bc6 12. Qxe5+ Qe7 13. Qxe7+ Bxe7 14. 0-0 0-0 15. Bf4 Rad8 16. d4 Bf6 17. Nd2 Rfe8 18. Rfe1 Bb5 19. Nb3 Bd3 20. Re3 Rxe3 21. Bxe3 Bg6 22. Nc5 b6 23. Nb3 a5 24. Re1 a4 25. Nd2 b5 26. Bf4 b4 27. Be5 Bxe5 28. Rxe5 f6 29. Ra5 a3 30. bxa3 bxc3 31. Nb3 Rc8 32. Rc5 Rxc5 33. dxc5 Kf7 34. Kf1 Ke6 35. Ke2 Kd5 36. Kd1 Kc4 37. c6 Bf5 38. c7 Kb5 39. Nd4+ Kb6 40. Nxf5 Kxc7 41. Nxg7 Kb6 42. Kc2 Ka5 43. Kxc3 Ka4 44. Nh5 1-0

[Event "ECF Charity Marathon UKR"]
[Site "Chess.com INT"]
[Date "2022.04.03"]
[Round "?"]
[White "Sedgwick, David"]
[Black "Buckley, Colm"]
[Result "0-1"]
[WhiteElo "1874"]
[BlackElo "1905"]
[PlyCount "90"]
[EventDate "2022.04.02"]
[EventType "swiss (blitz)"]
[EventRounds "74"]
[EventCountry "USA"]
[SourceTitle "CBM 207 Extra"]
[Source "ChessBase"]
[SourceDate "2022.05.31"]
[SourceVersion "1"]
[SourceVersionDate "2022.05.31"]
[SourceQuality "1"]

1. e4 c6 2. d4 d5 3. exd5 cxd5 4. Bd3 Nc6 5. Ne2 Nf6 6. Kf1 Bg4 7. f3 Bh5 8. Kf2 e6 9. Ng3 Bg6 10. Re1 Qb6 11. c3 Be7 12. Na3 Bxa3 13. bxa3 Rc8 14. Kg1 0-0 15. Rb1 Qc7 16. Bxg6 hxg6 17. Qb3 Na5 18. Qb5 a6 19. Qb4 Qxc3 20. Bd2 Qxb4 21. Bxb4 Nc4 22. Bxf8 Kxf8 23. Rxb7 Nxa3 24. Ra7 Rc6 25. Re3 Nc4 26. Rb3 Rc8 27. Rxa6 Nd7 28. Rb7 Ke8 29. h4 Ne3 30. Raa7 Rd8 31. h5 gxh5 32. Nxh5 Nf5 33. g4 Nxd4 34. Nxg7+ Ke7 35. Kf2 Nc6 36. Ra6 Nce5 37. Kg3 Kf6 38. Nh5+ Kg6 39. f4 Nc4 40. f5+ Kh7 41. fxe6 fxe6 42. Rxe6 d4 43. Re7+ Kg8 44. Rbxd7 Rxd7 45. Rxd7 d3 0-1

[Event "ECF Charity Marathon UKR"]
[Site "Chess.com INT"]
[Date "2022.04.03"]
[Round "?"]
[White "Sedgwick, David"]
[Black "Hebden, Mark"]
[Result "0-1"]
[WhiteElo "1874"]
[BlackElo "2448"]
[PlyCount "34"]
[EventDate "2022.04.02"]
[EventType "swiss (blitz)"]
[EventRounds "74"]
[EventCountry "USA"]
[SourceTitle "CBM 207 Extra"]
[Source "ChessBase"]
[SourceDate "2022.05.31"]
[SourceVersion "1"]
[SourceVersionDate "2022.05.31"]
[SourceQuality "1"]

1. e4 e5 2. d4 exd4 3. c3 d5 4. exd5 Qxd5 5. cxd4 Nc6 6. Nf3 Bg4 7. Be2 Bb4+ 8. Nc3 Bxf3 9. Bxf3 Qc4 10. Bd2 0-0-0 11. Bxc6 bxc6 12. Qg4+ Kb8 13. Qxg7 Re8+ 14. Be3 Ne7 15. Kd2 Nf5 16. Qg5 Nxd4 17. Rhc1 Qe2# 0-1

[Event "ECF Charity Marathon UKR"]
[Site "Chess.com INT"]
[Date "2022.04.03"]
[Round "?"]
[White "Sedgwick, David"]
[Black "Rizvi, Nasir"]
[Result "0-1"]
[WhiteElo "1874"]
[BlackElo "1984"]
[PlyCount "24"]
[EventDate "2022.04.02"]
[EventType "swiss (blitz)"]
[EventRounds "74"]
[EventCountry "USA"]
[SourceTitle "CBM 207 Extra"]
[Source "ChessBase"]
[SourceDate "2022.05.31"]
[SourceVersion "1"]
[SourceVersionDate "2022.05.31"]
[SourceQuality "1"]

1. e4 c5 2. d4 g5 3. Bxg5 Bg7 4. Be3 Qb6 5. dxc5 Qxb2 6. Nd2 Qxa1 7. Qxa1 Bxa1 8. Nb3 Bg7 9. Nf3 Nc6 10. Nfd4 Nxd4 11. Nxd4 Nf6 12. f3 0-0 0-1

[Event "ECF Charity Marathon UKR"]
[Site "Chess.com INT"]
[Date "2022.04.02"]
[Round "?"]
[White "Sedgwick, David"]
[Black "Royle, Alex"]
[Result "0-1"]
[WhiteElo "1874"]
[BlackElo "1451"]
[PlyCount "48"]
[EventDate "2022.04.02"]
[EventType "swiss (blitz)"]
[EventRounds "74"]
[EventCountry "USA"]
[SourceTitle "CBM 207 Extra"]
[Source "ChessBase"]
[SourceDate "2022.05.31"]
[SourceVersion "1"]
[SourceVersionDate "2022.05.31"]
[SourceQuality "1"]

1. e4 e5 2. Nc3 Nf6 3. f4 Nc6 4. Nf3 d6 5. d4 exd4 6. Nxd4 Be7 7. Bc4 0-0 8. 0-0 Nxd4 9. Qxd4 Be6 10. Nd5 Nxd5 11. exd5 Bf5 12. Bd3 Bf6 13. Qe3 Re8 14. Qf3 Bxd3 15. Qxd3 Qe7 16. Bd2 Qe2 17. Qxe2 Rxe2 18. Bc3 Bxc3 19. bxc3 Rxc2 20. Rab1 b6 21. Rfe1 Rxa2 22. Re7 Rc8 23. Rbe1 Kf8 24. Rd7 Rc2 0-1

[Event "Checkmate Covid Rematch"]
[Site "Chess.com INT"]
[Date "2021.06.06"]
[Round "?"]
[White "Allis, Richard"]
[Black "Sedgwick, David"]
[Result "1-0"]
[WhiteElo "2052"]
[BlackElo "1874"]
[PlyCount "49"]
[EventDate "2021.06.05"]
[EventType "swiss (blitz)"]
[EventRounds "20"]
[EventCountry "ENG"]
[SourceTitle "CBM 202 Extra"]
[Source "ChessBase"]
[SourceDate "2021.07.31"]
[SourceVersion "1"]
[SourceVersionDate "2021.07.31"]
[SourceQuality "1"]

1. d4 d5 2. Nf3 Nf6 3. Bg5 e6 4. Nbd2 Be7 5. Bxf6 Bxf6 6. e4 dxe4 7. Nxe4 Nd7 8. c3 0-0 9. Bd3 c5 10. dxc5 Qc7 11. Qe2 Nxc5 12. Nxf6+ gxf6 13. Bc2 e5 14. 0-0 Bg4 15. h3 Bxf3 16. Qxf3 Qc6 17. Qg4+ Kh8 18. Qf5 e4 19. b4 Qe6 20. Qxc5 Rac8 21. Qd4 Rc4 22. Qe3 Rfc8 23. Bb3 Rxc3 24. Bxe6 Rxe3 25. Bxc8 1-0

[Event "Checkmate Covid Rematch"]
[Site "Chess.com INT"]
[Date "2021.06.06"]
[Round "?"]
[White "Pitcher, John"]
[Black "Sedgwick, David"]
[Result "1-0"]
[WhiteElo "2210"]
[BlackElo "1874"]
[PlyCount "49"]
[EventDate "2021.06.05"]
[EventType "swiss (blitz)"]
[EventRounds "20"]
[EventCountry "ENG"]
[SourceTitle "CBM 202 Extra"]
[Source "ChessBase"]
[SourceDate "2021.07.31"]
[SourceVersion "1"]
[SourceVersionDate "2021.07.31"]
[SourceQuality "1"]

1. e4 e5 2. Bc4 Nf6 3. d3 c6 4. Nf3 d5 5. Bb3 dxe4 6. Ng5 Be6 7. Bxe6 fxe6 8. Nxe4 Nxe4 9. dxe4 Qxd1+ 10. Kxd1 Bc5 11. Ke2 Nd7 12. Nd2 Nf6 13. f3 0-0 14. Nc4 Nd7 15. Rd1 Rad8 16. Bg5 Nf6 17. Nxe5 h6 18. Be3 Bd6 19. Nc4 Bxh2 20. Bxa7 Nh5 21. Be3 Bf4 22. Rxd8 Rxd8 23. g4 Ng3+ 24. Kf2 Bxe3+ 25. Nxe3 1-0

[Event "Checkmate Covid Rematch"]
[Site "Chess.com INT"]
[Date "2021.06.06"]
[Round "?"]
[White "Sedgwick, David"]
[Black "Shepley, Julien M"]
[Result "0-1"]
[WhiteElo "1874"]
[BlackElo "1913"]
[PlyCount "84"]
[EventDate "2021.06.05"]
[EventType "swiss (blitz)"]
[EventRounds "20"]
[EventCountry "ENG"]
[SourceTitle "CBM 202 Extra"]
[Source "ChessBase"]
[SourceDate "2021.07.31"]
[SourceVersion "1"]
[SourceVersionDate "2021.07.31"]
[SourceQuality "1"]

1. e4 d5 2. exd5 Qxd5 3. Nf3 Bg4 4. Be2 Nc6 5. c4 Qf5 6. d4 0-0-0 7. Nc3 Nf6 8. Be3 e5 9. d5 e4 10. Nd4 Bxe2 11. Nxf5 Bxd1 12. dxc6 Bc2 13. cxb7+ Kxb7 14. 0-0 g6 15. Nd4 Bd3 16. Rfd1 Bg7 17. b3 Ng4 18. Rac1 Nxe3 19. fxe3 Bxd4 20. exd4 Rxd4 21. Ne2 Rd7 22. Nf4 Rhd8 23. Nxd3 Rxd3 24. Rxd3 Rxd3 25. Rc2 f5 26. Kf1 a5 27. Ke2 Kc6 28. g3 Kc5 29. Rc1 Kd4 30. Rc2 c5 31. Rc1 g5 32. Rc2 f4 33. gxf4 gxf4 34. Kf2 f3 35. Rb2 Kc3 36. Rb1 Rd2+ 37. Ke3 Re2+ 38. Kf4 f2 39. Rf1 e3 40. Kf3 Re1 41. Kg2 Rxf1 42. Kxf1 Kd2 0-1

[Event "Checkmate Covid Rematch"]
[Site "Chess.com INT"]
[Date "2021.06.06"]
[Round "?"]
[White "Sedgwick, David"]
[Black "Wiwatanadate, Poompong"]
[Result "0-1"]
[WhiteElo "1874"]
[BlackElo "2043"]
[PlyCount "66"]
[EventDate "2021.06.05"]
[EventType "swiss (blitz)"]
[EventRounds "20"]
[EventCountry "ENG"]
[SourceTitle "CBM 202 Extra"]
[Source "ChessBase"]
[SourceDate "2021.07.31"]
[SourceVersion "1"]
[SourceVersionDate "2021.07.31"]
[SourceQuality "1"]

1. e4 e5 2. Nf3 Nc6 3. Bc4 Nf6 4. d4 exd4 5. 0-0 Nxe4 6. Re1 d5 7. Bxd5 Qxd5 8. Nc3 Qa5 9. Nxe4 Be6 10. Nfg5 0-0-0 11. Nxe6 fxe6 12. Ng5 Bb4 13. Rxe6 Rhf8 14. Qg4 Kb8 15. Bf4 h6 16. Nh3 g5 17. Bg3 Qf5 18. Qxf5 Rxf5 19. Rxh6 a5 20. Rh7 Bd6 21. Bxd6 Rxd6 22. Rg7 Rdd5 23. Re1 Rc5 24. Re8+ Ka7 25. Rxc7 g4 26. Rh8 gxh3 27. g4 Rfe5 28. f4 Re2 29. Rhh7 Rcxc2 30. Rxb7+ Ka6 31. Kf1 Rxh2 32. Kg1 Rcg2+ 33. Kf1 Rh1# 0-1

[Event "Checkmate Covid Rematch"]
[Site "Chess.com INT"]
[Date "2021.06.05"]
[Round "?"]
[White "Sedgwick, David"]
[Black "Arkell, Keith C"]
[Result "0-1"]
[WhiteElo "1874"]
[BlackElo "2381"]
[PlyCount "36"]
[EventDate "2021.06.05"]
[EventType "swiss (blitz)"]
[EventRounds "20"]
[EventCountry "ENG"]
[SourceTitle "CBM 202 Extra"]
[Source "ChessBase"]
[SourceDate "2021.07.31"]
[SourceVersion "1"]
[SourceVersionDate "2021.07.31"]
[SourceQuality "1"]

1. e4 c6 2. d4 d5 3. Nc3 dxe4 4. Nxe4 Nd7 5. Nf3 Ngf6 6. Nxf6+ Nxf6 7. Bc4 Bf5 8. Ne5 e6 9. 0-0 Bd6 10. Bf4 0-0 11. Qf3 Qc7 12. Rfe1 Ng4 13. Nxg4 Bxf4 14. Ne5 Bxe5 15. Rxe5 Bxc2 16. Rc1 Bg6 17. Qg3 Rad8 18. d5 cxd5 0-1

[Event "Gibraltar Amateurs op-B"]
[Site "Caleta"]
[Date "2020.01.26"]
[Round "2"]
[White "Sedgwick, David"]
[Black "Oueld El Hachemi, Abdelhaq"]
[Result "1-0"]
[WhiteElo "1894"]
[BlackElo "1788"]
[PlyCount "139"]
[EventDate "2020.01.20"]
[EventType "swiss"]
[EventRounds "5"]
[EventCountry "GGB"]
[SourceTitle "CBM 194 Extra"]
[Source "ChessBase"]
[SourceDate "2020.03.31"]
[SourceVersion "1"]
[SourceVersionDate "2020.03.31"]
[SourceQuality "1"]

1. e4 b6 2. d4 e6 3. c4 Bb7 4. Bd3 Bb4+ 5. Nc3 Nf6 6. Qe2 Nc6 7. Nf3 Qe7 8. a3 Bxc3+ 9. bxc3 e5 10. 0-0 d6 11. d5 Na5 12. Rb1 Nd7 13. Bg5 f6 14. Be3 Ba6 15. Nd2 Nc5 16. Bxc5 dxc5 17. Qg4 Qd7 18. Qxd7+ Kxd7 19. f4 exf4 20. Rxf4 Rae8 21. Rbf1 Re7 22. g4 h6 23. h4 Nb7 24. g5 hxg5 25. hxg5 fxg5 26. Rf5 Rh3 27. R1f3 Rxf3 28. Nxf3 Nd6 29. Ne5+ Ke8 30. Rxg5 Nf7 31. Nxf7 Rxf7 32. Kg2 Kf8 33. Kg3 Rf6 34. e5 Rh6 35. Be2 Rh1 36. Rf5+ Ke7 37. e6 Bc8 38. Rf7+ Kd6 39. Kg2 Ra1 40. Rxg7 Rxa3 41. Rg8 Bxe6 42. Rg6 Rxc3 43. Rxe6+ Kd7 44. Rh6 a5 45. Bg4+ Kd8 46. Rh8+ Ke7 47. Rh7+ Kd6 48. Rd7+ Ke5 49. Be2 a4 50. Rxc7 a3 51. Re7+ Kd6 52. Re6+ Kc7 53. Re7+ Kb8 54. Bf3 Rc2+ 55. Kg3 Rd2 56. Re8+ Kc7 57. Ra8 a2 58. Kf4 Rd4+ 59. Ke5 b5 60. Rxa2 bxc4 61. d6+ Kb6 62. Rb2+ Ka5 63. Bd5 Rh4 64. d7 Rh8 65. Kd6 c3 66. Rc2 Kb4 67. Kc7 c4 68. d8Q Rxd8 69. Kxd8 Kb3 70. Be4 1-0

[Event "Gibraltar Amateurs op-A"]
[Site "Caleta"]
[Date "2020.01.24"]
[Round "5"]
[White "Kuenitz, Klaus"]
[Black "Sedgwick, David"]
[Result "0-1"]
[WhiteElo "1726"]
[BlackElo "1894"]
[PlyCount "58"]
[EventDate "2020.01.20"]
[EventType "swiss"]
[EventRounds "5"]
[EventCountry "GGB"]
[SourceTitle "CBM 194 Extra"]
[Source "ChessBase"]
[SourceDate "2020.03.31"]
[SourceVersion "1"]
[SourceVersionDate "2020.03.31"]
[SourceQuality "1"]

1. e4 e6 2. d4 d5 3. e5 c5 4. c3 Nc6 5. Nf3 Qb6 6. a3 Bd7 7. dxc5 Bxc5 8. Qc2 a5 9. Bd3 Nge7 10. 0-0 Ng6 11. Bxg6 hxg6 12. Bg5 Be7 13. Bf4 Rc8 14. Qd2 a4 15. Nd4 Na5 16. Qc1 Bc5 17. Be3 Nb3 18. Nxb3 Bxe3 19. Qxe3 Qxb3 20. Qc1 d4 21. Rd1 Qb5 22. f4 Qc5 23. Kh1 Bc6 24. Qd2 d3 25. c4 Rh4 26. Nc3 Rg4 27. Rg1 Qxc4 28. Raf1 Ke7 29. Nd1 Rh8 0-1

[Event "Guernsey op 45th"]
[Site "Vale"]
[Date "2019.10.24"]
[Round "5"]
[White "Sedgwick, David"]
[Black "Taylor, Mark V"]
[Result "0-1"]
[WhiteElo "1999"]
[BlackElo "1921"]
[PlyCount "82"]
[EventDate "2019.10.20"]
[EventType "swiss"]
[EventRounds "7"]
[EventCountry "GCI"]
[SourceTitle "EXT 2021"]
[Source "ChessBase"]
[SourceDate "2020.10.23"]
[SourceVersion "1"]
[SourceVersionDate "2020.10.23"]
[SourceQuality "1"]

1. e4 c5 2. c3 Nf6 3. e5 Nd5 4. d4 cxd4 5. cxd4 e6 6. Nc3 Nxc3 7. bxc3 Qc7 8. Bd2 b6 9. Nf3 Bb7 10. Bd3 d6 11. 0-0 Nd7 12. Re1 dxe5 13. dxe5 Be7 14. Be4 Nc5 15. Bxb7 Qxb7 16. Qe2 0-0 17. Nd4 Rfd8 18. Qg4 Rd5 19. Re3 Bf8 20. h4 Rad8 21. h5 Nd7 22. Rae1 Qc7 23. Nxe6 Nxe5 24. Rxe5 fxe6 25. Qxe6+ Qf7 26. Qxf7+ Kxf7 27. Bg5 Rxe5 28. Rxe5 Rd1+ 29. Kh2 Bd6 30. Bf4 Bxe5 31. Bxe5 Rd2 32. a3 Rxf2 33. Kg3 Ra2 34. Bd6 Rb2 35. Bb8 a6 36. a4 Rb3 37. Be5 Ra3 38. Bd4 Rxa4 39. Bxb6 Rc4 40. Ba5 Rc5 41. Bb4 Rxh5 0-1

[Event "Guernsey op 45th"]
[Site "Vale"]
[Date "2019.10.22"]
[Round "3"]
[White "Sedgwick, David"]
[Black "Dijksterhuis, Rolf"]
[Result "1/2-1/2"]
[WhiteElo "1999"]
[BlackElo "1937"]
[PlyCount "54"]
[EventDate "2019.10.20"]
[EventType "swiss"]
[EventRounds "7"]
[EventCountry "GCI"]
[SourceTitle "EXT 2021"]
[Source "ChessBase"]
[SourceDate "2020.10.23"]
[SourceVersion "1"]
[SourceVersionDate "2020.10.23"]
[SourceQuality "1"]

1. e4 c5 2. c3 d5 3. exd5 Qxd5 4. d4 Nf6 5. Nf3 Bg4 6. Be2 cxd4 7. cxd4 e6 8. 0-0 Nc6 9. Nc3 Qd7 10. Be3 Be7 11. Qb3 0-0 12. Ne5 Nxe5 13. dxe5 Bxe2 14. exf6 Bxf1 15. fxe7 Qxe7 16. Rxf1 Rfd8 17. Ne4 h6 18. g3 Rd5 19. Nc3 Rd3 20. Rd1 Rxd1+ 21. Qxd1 Rd8 22. Qa4 a6 23. Qg4 Kh8 24. Ne2 Qd7 25. Bd4 f6 26. Bc3 e5 27. Qxd7 Rxd7 1/2-1/2

[Event "Guernsey op 45th"]
[Site "Vale"]
[Date "2019.10.20"]
[Round "1"]
[White "Sedgwick, David"]
[Black "Morcom, Huw"]
[Result "1/2-1/2"]
[WhiteElo "1999"]
[BlackElo "1906"]
[PlyCount "50"]
[EventDate "2019.10.20"]
[EventType "swiss"]
[EventRounds "7"]
[EventCountry "GCI"]
[SourceTitle "EXT 2021"]
[Source "ChessBase"]
[SourceDate "2020.10.23"]
[SourceVersion "1"]
[SourceVersionDate "2020.10.23"]
[SourceQuality "1"]

1. e4 c5 2. c3 d6 3. d4 Nd7 4. Nf3 g6 5. Bc4 Nb6 6. Bb3 e6 7. dxc5 dxc5 8. Qxd8+ Kxd8 9. 0-0 Nf6 10. e5 Nfd5 11. c4 Nb4 12. Bg5+ Be7 13. Nc3 Bxg5 14. Nxg5 Ke7 15. Nge4 Nd3 16. Nb5 Nxe5 17. Nxc5 Nexc4 18. Bxc4 Nxc4 19. Rac1 Nd6 20. Nxd6 Kxd6 21. Rfd1+ Ke5 22. Nd7+ Bxd7 23. Rxd7 Rhc8 24. Re1+ Kf6 25. Rxb7 Rcb8 1/2-1/2

[Event "Isle of Man Major op"]
[Site "Isle of Man"]
[Date "2019.10.16"]
[Round "5"]
[White "Sedgwick, David"]
[Black "Livesey, R Nigel"]
[Result "0-1"]
[WhiteElo "1999"]
[BlackElo "1740"]
[PlyCount "58"]
[EventDate "2019.10.12"]
[EventType "swiss"]
[EventRounds "7"]
[EventCountry "IOM"]
[SourceTitle "CBM 192 Extra"]
[Source "Chessbase"]
[SourceDate "2019.11.06"]
[SourceVersion "1"]
[SourceVersionDate "2019.11.06"]
[SourceQuality "1"]

1. e4 c6 2. d4 d5 3. e5 h5 4. Bd3 g6 5. c3 Nh6 6. Nf3 Bg4 7. h3 Bxf3 8. Qxf3 e6 9. Bf4 h4 10. Nd2 c5 11. dxc5 Bxc5 12. Nb3 Be7 13. Nd4 Nc6 14. Bb5 Qc7 15. c4 Bb4+ 16. Kf1 0-0-0 17. Nxc6 bxc6 18. Ba6+ Kb8 19. cxd5 Rxd5 20. Qb3 Qb6 21. Bc4 Rd7 22. a3 Bc5 23. Qxb6+ Bxb6 24. Rc1 Nf5 25. Be2 c5 26. Bg4 Rd4 27. g3 hxg3 28. Bxg3 Nxg3+ 29. fxg3 Rxg4 0-1

[Event "Isle of Man Major op"]
[Site "Isle of Man"]
[Date "2019.10.14"]
[Round "3"]
[White "Sedgwick, David"]
[Black "Carr, Jay A"]
[Result "1/2-1/2"]
[WhiteElo "1999"]
[BlackElo "1782"]
[PlyCount "96"]
[EventDate "2019.10.12"]
[EventType "swiss"]
[EventRounds "7"]
[EventCountry "IOM"]
[SourceTitle "CBM 192 Extra"]
[Source "Chessbase"]
[SourceDate "2019.11.06"]
[SourceVersion "1"]
[SourceVersionDate "2019.11.06"]
[SourceQuality "1"]

1. e4 d5 2. exd5 Nf6 3. Nc3 Nxd5 4. Bc4 Nb6 5. Bb3 Nc6 6. Nf3 Bf5 7. d4 e6 8. 0-0 Be7 9. Bf4 0-0 10. Re1 Na5 11. Ne5 Nxb3 12. axb3 c6 13. Qf3 Bxc2 14. Ne2 Qd5 15. Qg3 Qxb3 16. Nc3 Nd5 17. Nxd5 Qxd5 18. Qc3 Bg6 19. Ra5 Qd8 20. Rea1 a6 21. Qe3 Bb4 22. R5a4 a5 23. h4 Qd5 24. Nd3 Bxd3 25. Qxd3 b5 26. R4a2 Rad8 27. Bc7 Qxd4 28. Qf3 Rd5 29. Bxa5 Bxa5 30. Rxa5 Qxb2 31. Ra8 Qf6 32. Rxf8+ Kxf8 33. Ra8+ Ke7 34. Qa3+ Kd7 35. Qa7+ Kd6 36. Qb8+ Kc5 37. Qa7+ Kc4 38. Qa2+ Kd4 39. Qb2+ Ke4 40. Qe2+ Kf5 41. Qh5+ Ke4 42. Qe2+ Kd4 43. Qb2+ Kc5 44. Qa3+ b4 45. Qa5+ Kc4 46. Qa6+ Kc5 47. Qa5+ Kc4 48. Qa6+ Kc5 1/2-1/2

[Event "Guernsey op 44th"]
[Site "Vale"]
[Date "2018.10.25"]
[Round "5"]
[White "Le Roux, Jean Pierre"]
[Black "Sedgwick, David"]
[Result "1-0"]
[WhiteElo "2532"]
[BlackElo "2013"]
[PlyCount "77"]
[EventDate "2018.10.21"]
[EventType "swiss"]
[EventRounds "7"]
[EventCountry "GCI"]
[SourceTitle "CBM 187 Extra"]
[Source "ChessBase"]
[SourceDate "2018.11.04"]
[SourceVersion "1"]
[SourceVersionDate "2018.11.04"]
[SourceQuality "1"]

1. d4 d5 2. Nf3 c5 3. dxc5 Nc6 4. a3 a5 5. Nc3 d4 6. Nb5 e5 7. e3 Bxc5 8. exd4 Bb6 9. Bg5 f6 10. Be3 Bg4 11. Be2 Bxf3 12. Bxf3 Nxd4 13. Bxd4 exd4 14. Qd3 Ne7 15. 0-0-0 0-0 16. Nxd4 Bxd4 17. Qxd4 Qc7 18. Qd6 Rac8 19. Qxc7 Rxc7 20. Rhe1 Rfc8 21. Rd2 Ng6 22. Re6 Ne5 23. Bd5 Kf8 24. Rb6 Rb8 25. Rb5 b6 26. Bb3 Rd7 27. Rbd5 Rxd5 28. Rxd5 b5 29. a4 bxa4 30. Bxa4 Rc8 31. Rxa5 Nd3+ 32. Kb1 Nxf2 33. Ra7 Rb8 34. Bb3 Ne4 35. Rf7+ Ke8 36. Rxg7 Nd2+ 37. Kc1 Nxb3+ 38. cxb3 Rxb3 39. Rxh7 1-0